000 00720nam a22002177a 4500
005 20250415152014.0
008 250415b |||||||| |||| 00| 0 eng d
020 _a978-1-032-54870-8 (hbk)
037 _cTB
040 _aCRL
_cCRL
041 _2eng
_aeng
084 _aV1:1.17(D85) R4
_qCRL
100 _aRoss, Corey
_9752318
245 _aLiquid empire:
_bWater and power in the colonial world
260 _aPrinceton, UK:
_bPrinceton University Press,
_c2024.
300 _ax, 447p.
365 _b3299.00
_cINR
650 _aHistory
942 _2CC
_cTB
_hV1:1.17(D85) R4
_n0
999 _c1309022
_d1309022